| 000 | 00391nam a2200169Ia 4500 | ||
|---|---|---|---|
| 008 | 230725s2002 xx 000 0 und d | ||
| 041 | _aeng | ||
| 082 | _bZAF | ||
| 100 | _aZAFAR RASHEEDUZ | ||
| 245 | _aMEDICINAL PLANTS OF INDIA | ||
| 260 |
_bCBS PUBLISHERS & DISTRIBUTORS _c2002 |
||
| 300 | _a132 | ||
| 365 | _h20% | ||
| 500 | _aTEXT BOOK | ||
| 501 | _aPH | ||
| 650 | _aPHARMACEUTICS | ||
| 999 |
_c768874 _d768874 |
||